Southville International School and Colleges
Your cart is empty.
  • Cart
  • Lists
    Public lists Eva Luna New books Lux_list list_1
    Your lists Log in to create your own lists
  • Log in to your account
  • Your cookies
  • Search history
Southville International School and Colleges
  • Advanced search
  • Recent comments
  • Most popular
  • Libraries

Log in to your account

Log in with GOOGLE


If you do not have an external account, but do have a local account, you can still log in:

  1. Home
  2. MARC view: Flowing in the holy ghost :
Normal view MARC view ISBD view

Flowing in the holy ghost : (Record no. 16525)

[ view plain ]
MARC details
000 -LEADER
fixed length control field 00599nam a22002057a 4500
003 - CONTROL NUMBER IDENTIFIER
control field OSt
005 - DATE AND TIME OF LATEST TRANSACTION
control field 20160510080834.0
008 - FIXED-LENGTH DATA ELEMENTS--GENERAL INFORMATION
fixed length control field 130529t xxu||||| |||| 00| 0 eng d
020 ## - INTERNATIONAL STANDARD BOOK NUMBER
International Standard Book Number 076842108X
050 ## - LIBRARY OF CONGRESS CALL NUMBER
Classification number BT 767.3
Item number .H853 1991
082 ## - DEWEY DECIMAL CLASSIFICATION NUMBER
Classification number M234.13
Item number B81 1991
245 ## - TITLE STATEMENT
Title Flowing in the holy ghost :
Remainder of title a practical handbook on the gifts of the Spirit /
Statement of responsibility, etc Howard-Brown, Rodney M.
250 ## - EDITION STATEMENT
Edition statement Rev. ed.
260 ## - PUBLICATION, DISTRIBUTION, ETC. (IMPRINT)
Place of publication, distribution, etc Shippensburg, PA :
Name of publisher, distributor, etc Destiny Image Publishers,
Date of publication, distribution, etc 2000.
300 ## - PHYSICAL DESCRIPTION
Extent vii, 128 p. :
Dimensions 23 cm.
526 ## - STUDY PROGRAM INFORMATION NOTE
Reading level 1210L-1700L
562 ## - COPY AND VERSION IDENTIFICATION NOTE
Number of copies 1
942 ## - ADDED ENTRY ELEMENTS (KOHA)
Source of classification or shelving scheme Library of Congress Classification
Koha item type Books
Holdings
Withdrawn status Lost status Source of classification or shelving scheme Damaged status Home library Current library Shelving location Date acquired Source of acquisition Total Checkouts Full call number Barcode Date last seen Copy number Price effective from Koha item type
    Library of Congress Classification   Archives Archives   05/29/2013 Donation   BT 767.3 .H853 1991 C2051 05/15/2018 1 11/14/2013 Books

Flowing in the holy ghost :

APA

(2000). Flowing in the holy ghost. Shippensburg, PA: Destiny Image Publishers.

Chicago

2000. Flowing in the holy ghost. Shippensburg, PA: Destiny Image Publishers.

Harvard

(2000). Flowing in the holy ghost. Shippensburg, PA: Destiny Image Publishers.

MLA

Flowing in the holy ghost. Shippensburg, PA: Destiny Image Publishers. 2000.

  • Place hold
  • Print
  • Cite
  • Add to your cart (remove)
  • Save record
    BIBTEX Dublin Core MARCXML MARC (non-Unicode/MARC-8) MARC (Unicode/UTF-8) MARC (Unicode/UTF-8, Standard) MODS (XML) RIS
  • More searches
    Search for this title in:
    Other Libraries (WorldCat) Other Databases (Google Scholar) Online Stores (Bookfinder.com) Open Library (openlibrary.org)

Exporting to Dublin Core...

SOUTHVILLE LIBRARY

Southville International School and Colleges Library

1281 Tropical Ave. Cor. Luxembourg St., BF Homes International, Las Pinas City

Tel. No. 8256374 / 252358 Loc. 117/146

Powered by Koha